[Event "European Team Championship 2015"]
[Site "Reykjavik ISL"]
[Date "2015.11.14"]
[Round "2"]
[White "Eljanov, Pavel"]
[Black "Blagojevic, Dragisa"]
[Result "1/2-1/2"]
[WhiteElo "2753"]
[BlackElo "2481"]
[PlyCount "82"]
[EventDate "2015.11.13"]
[WhiteTeam "Ukraine"]
[BlackTeam "Montenegro"]

1. d4 d5 2. c4 e6 3. Nf3 Nf6 4. Nc3 c6 5. Bg5 Nbd7 6. e3 Qa5 7. Nd2 dxc4 8.
Bxf6 Nxf6 9. Nxc4 Qc7 10. Rc1 Be7 11. g3 O-O 12. Bg2 Rd8 13. O-O Bd7 14. e4 Be8
15. e5 Nd5 16. Ne4 Nb6 17. Ncd6 Nc8 18. Nxe8 Rxe8 19. f4 Nb6 20. Qf3 Qd7 21.
Rcd1 Nd5 22. h4 Rad8 23. Bh3 g6 24. h5 b6 25. hxg6 hxg6 26. Rf2 Kg7 27. g4 f5
28. gxf5 exf5 29. Nc3 Bh4 30. Rh2 Ne7 31. Bg2 Rh8 32. Rh3 Qe6 33. b3 Rh6 34.
Qe2 g5 35. fxg5 Bxg5 36. Rg3 Rg6 37. Qc4 Qc8 38. Rdd3 Rh8 39. Rdf3 Rh4 40. Qd3
Qd7 41. Ne2 f4 1/2-1/2

[Event "European Team Championship 2015"]
[Site "Reykjavik ISL"]
[Date "2015.11.14"]
[Round "2"]
[White "Kosic, Dragan"]
[Black "Korobov, Anton"]
[Result "0-1"]
[WhiteElo "2470"]
[BlackElo "2709"]
[PlyCount "148"]
[EventDate "2015.11.13"]
[WhiteTeam "Montenegro"]
[BlackTeam "Ukraine"]

1. d4 Nf6 2. Nf3 c5 3. c3 e6 4. Bf4 Nc6 5. e3 d5 6. Nbd2 Bd6 7. Bg3 O-O 8. Bd3
b6 9. Ne5 Bb7 10. O-O Rc8 11. Qe2 Qc7 12. f4 Ne7 13. Qf3 Nf5 14. Bf2 Be7 15.
Rad1 Nd6 16. Bh4 Nfe4 17. Bxe7 Qxe7 18. Qh3 f6 19. Nef3 Bc6 20. Bc2 Bd7 21.
Nxe4 dxe4 22. dxc5 bxc5 23. Nd2 f5 24. b3 Rcd8 25. Nb1 Bc8 26. Qg3 Qf6 27. Qe1
Nf7 28. Rxd8 Rxd8 29. Qe2 e5 30. fxe5 Qxe5 31. Rd1 Rxd1+ 32. Qxd1 g5 33. Qe1
Bb7 34. Qg3 f4 35. exf4 Qxf4 36. Qxf4 gxf4 37. b4 e3 38. bxc5 Ne5 39. Na3 a6
40. Bb3+ Kg7 41. Nc2 Nd3 42. Nd4 Nxc5 43. g3 fxg3 44. Nf5+ Kf6 45. Nxe3 gxh2+
46. Kxh2 Ke5 47. Ng4+ Kf4 48. Nf6 Nxb3 49. axb3 Ke3 50. Nd7 Kd2 51. Nc5 Bc8 52.
Ne4+ Kd3 53. Nd6 Bd7 54. c4 Kc3 55. Ne4+ Kb4 56. Kg3 Bc6 57. Kf4 a5 58. Nd2 Kc3
59. Ke3 h5 60. Nf3 Bb7 61. Nd2 h4 62. Ne4+ Kb4 63. Kd3 h3 64. Nf2 h2 65. Kc2
Kc5 66. Kc3 Bc6 67. Nd3+ Kd6 68. Nf2 Ke6 69. Kd4 Kf5 70. Ke3 Bb7 71. Ke2 Kf4
72. Ke1 Kg3 73. Ke2 Kg2 74. Ke3 Bf3 0-1

[Event "European Team Championship 2015"]
[Site "Reykjavik ISL"]
[Date "2015.11.14"]
[Round "2"]
[White "Mamedyarov, Shakhriyar"]
[Black "Hansen, Sune Berg"]
[Result "1-0"]
[WhiteElo "2743"]
[BlackElo "2566"]
[PlyCount "81"]
[EventDate "2015.11.13"]
[WhiteTeam "Azerbaijan"]
[BlackTeam "Denmark"]

1. d4 Nf6 2. c4 e6 3. Nf3 d5 4. Nc3 Nbd7 5. e3 a6 6. b3 b6 7. Bd3 Bb7 8. O-O
Bd6 9. Bb2 O-O 10. Qc2 Qe7 11. Rfe1 Rfe8 12. e4 dxe4 13. Nxe4 Nxe4 14. Bxe4
Bxe4 15. Rxe4 Ba3 16. Bxa3 Qxa3 17. c5 Rad8 18. h3 Nf6 19. Re5 Nd7 20. Re4 Nf6
21. Re5 Nd7 22. Re3 bxc5 23. dxc5 Qxc5 24. Qxc5 Nxc5 25. Rc1 Nd3 26. Rxc7 Nb4
27. Re4 a5 28. a3 Nd5 29. Rc5 Nf6 30. Rd4 Rb8 31. Nd2 Rec8 32. Rxa5 Rc1+ 33.
Kh2 h6 34. b4 Rc2 35. a4 Nd5 36. b5 Rbc8 37. Ra6 Rb2 38. Nc4 Rb4 39. Nb6 Rb8
40. Rxb4 Nxb4 41. Ra8 1-0

[Event "European Team Championship 2015"]
[Site "Reykjavik ISL"]
[Date "2015.11.14"]
[Round "2"]
[White "Agopov, Mikael"]
[Black "Rapport, Richard"]
[Result "0-1"]
[WhiteElo "2452"]
[BlackElo "2693"]
[PlyCount "72"]
[EventDate "2015.11.13"]
[WhiteTeam "Finland"]
[BlackTeam "Hungary"]

1. e4 c5 2. Nf3 a6 3. d4 cxd4 4. Nxd4 Nf6 5. Nc3 e5 6. Nf3 Bb4 7. Bc4 Qc7 8.
Bb3 d6 9. O-O Bxc3 10. bxc3 Nbd7 11. Nd2 O-O 12. Re1 Nc5 13. f3 Nxb3 14. axb3
Qxc3 15. Ba3 Be6 16. Nf1 Rfd8 17. Ne3 Rac8 18. Qe2 Rd7 19. Rad1 Ne8 20. Rd3 Qa5
21. Bb2 b5 22. Rd2 Qb6 23. Ra1 a5 24. Qf2 Ra7 25. Ba3 a4 26. bxa4 bxa4 27. Rdd1
Rc3 28. Rd3 Rxd3 29. cxd3 Rc7 30. Rc1 Rxc1+ 31. Bxc1 Nc7 32. Nc4 Qb3 33. Qb6
Qd1+ 34. Kf2 h5 35. Qxc7 Qxc1 36. Qd8+ Kh7 0-1

[Event "European Team Championship 2015"]
[Site "Reykjavik ISL"]
[Date "2015.11.14"]
[Round "2"]
[White "Bologan, Viktor"]
[Black "Wojtaszek, Radoslaw"]
[Result "1-0"]
[WhiteElo "2630"]
[BlackElo "2748"]
[PlyCount "93"]
[EventDate "2015.11.13"]
[WhiteTeam "Moldova"]
[BlackTeam "Poland"]

1. e4 c5 2. Nf3 d6 3. d4 cxd4 4. Nxd4 Nf6 5. Nc3 a6 6. Be3 e5 7. Nb3 Be6 8. f3
h5 9. Qd2 Nbd7 10. Nd5 Bxd5 11. exd5 g6 12. Be2 Bg7 13. O-O b6 14. c4 O-O 15.
Rac1 Nh7 16. Bd3 f5 17. Bb1 Rc8 18. Kh1 a5 19. a4 Nc5 20. Nxc5 bxc5 21. g4 hxg4
22. fxg4 e4 23. gxf5 gxf5 24. Rg1 Kh8 25. Rxg7 Kxg7 26. Qg2+ Kh8 27. Bd2 Qh4
28. Bc3+ Nf6 29. Rf1 Rce8 30. Rxf5 e3 31. Qf3 Re5 32. Bxe5 dxe5 33. Qxe3 Ng4
34. Rxf8+ Kg7 35. Qe2 Kxf8 36. Bf5 Nxh2 37. Qxh2 Qe1+ 38. Kg2 Qd2+ 39. Kh1 Qe1+
40. Qg1 Qh4+ 41. Kg2 Qg5+ 42. Kf1 Qc1+ 43. Kf2 Qd2+ 44. Kf3 Qf4+ 45. Ke2 Qxc4+
46. Bd3 Qxd5 47. Qg4 1-0

[Event "European Team Championship 2015"]
[Site "Reykjavik ISL"]
[Date "2015.11.15"]
[Round "3"]
[White "Eljanov, Pavel"]
[Black "Mamedyarov, Shakhriyar"]
[Result "1-0"]
[WhiteElo "2753"]
[BlackElo "2743"]
[PlyCount "91"]
[EventDate "2015.11.13"]
[WhiteTeam "Ukraine"]
[BlackTeam "Azerbaijan"]

1. d4 Nf6 2. c4 e6 3. Nf3 d5 4. g3 dxc4 5. Bg2 a6 6. O-O Nc6 7. e3 Rb8 8. Nfd2
Qd7 9. Nxc4 b5 10. Ncd2 Be7 11. Nb3 O-O 12. Nc3 Rd8 13. Qe2 a5 14. Rd1 a4 15.
Nc5 Qe8 16. N3e4 Nxe4 17. Nxe4 e5 18. d5 Nb4 19. Nc3 Na6 20. b3 axb3 21. axb3
Nc5 22. Qc2 Bg4 23. Rd2 Bh5 24. Bb2 Bg6 25. e4 Bd6 26. Rdd1 Ra8 27. b4 Na6 28.
Na2 f6 29. h4 Qd7 30. Ba3 Ra7 31. Rab1 Rda8 32. Bc1 Nb8 33. Nc3 Na6 34. Na2 Nb8
35. Nc3 Na6 36. Qe2 Nxb4 37. Nxb5 Ra2 38. Rd2 Ra1 39. Rdb2 R8a2 40. Rxa2 Rxb1
41. Ra8+ Bf8 42. Qc4 Na2 43. Qxa2 Rxc1+ 44. Kh2 Qxb5 45. d6+ Bf7 46. Qa3 1-0

[Event "European Team Championship 2015"]
[Site "Reykjavik ISL"]
[Date "2015.11.15"]
[Round "3"]
[White "Radjabov, Teimour"]
[Black "Kryvoruchko, Yuriy"]
[Result "1/2-1/2"]
[WhiteElo "2739"]
[BlackElo "2717"]
[PlyCount "80"]
[EventDate "2015.11.13"]
[WhiteTeam "Azerbaijan"]
[BlackTeam "Ukraine"]

1. e4 e5 2. Nf3 Nc6 3. Bb5 Nf6 4. O-O Nxe4 5. d4 Nd6 6. Bxc6 dxc6 7. dxe5 Nf5
8. Qxd8+ Kxd8 9. h3 Bd7 10. Nc3 h6 11. b3 Kc8 12. Bb2 b6 13. Rad1 c5 14. g4 Ne7
15. Kg2 Be6 16. Kg3 Kb7 17. Ne4 a5 18. a4 Nc6 19. c4 Be7 20. Ng1 g5 21. Ne2 h5
22. f4 hxg4 23. hxg4 gxf4+ 24. Nxf4 Bh4+ 25. Kf3 Rhg8 26. Rg1 Bg5 27. Nxe6 fxe6
28. Nf6 Rg6 29. Ke4 Nxe5 30. Bxe5 Bxf6 31. Bxf6 Rxf6 32. g5 Rg6 33. Kf4 Rag8
34. Rg3 Kc6 35. Rdd3 R6g7 36. Rd2 Rf7+ 37. Kg4 Rfg7 38. Kf4 Rf7+ 39. Kg4 Rfg7
40. Kf4 Rf7+ 1/2-1/2

[Event "European Team Championship 2015"]
[Site "Reykjavik ISL"]
[Date "2015.11.15"]
[Round "3"]
[White "Korobov, Anton"]
[Black "Naiditsch, Arkadij"]
[Result "1/2-1/2"]
[WhiteElo "2709"]
[BlackElo "2689"]
[PlyCount "81"]
[EventDate "2015.11.13"]
[WhiteTeam "Ukraine"]
[BlackTeam "Azerbaijan"]

1. d4 Nf6 2. c4 e6 3. Nf3 d5 4. Nc3 dxc4 5. e4 Bb4 6. Bxc4 Nxe4 7. O-O Nxc3 8.
bxc3 Bd6 9. Bd3 Nd7 10. Qe2 Qe7 11. Re1 h6 12. c4 c5 13. d5 e5 14. Nd2 O-O 15.
f4 f5 16. fxe5 Qxe5 17. Nf3 Qxe2 18. Rxe2 Nf6 19. Bb2 Nh5 20. Rae1 Nf4 21. Re7
Bxe7 22. Rxe7 Rf7 23. Re8+ Rf8 24. Re7 Rf7 25. Re8+ Kh7 26. Ne5 Nxd3 27. Nxd3
b5 28. Ne5 Rb7 29. d6 bxc4 30. Bc3 Rab8 31. h4 f4 32. Nc6 Rb1+ 33. Kh2 f3 34.
Nxb8 f2 35. Re7 f1=N+ 36. Kg1 Ne3+ 37. Kh2 Nf1+ 38. Kg1 Ne3+ 39. Kh2 Nf1+ 40.
Kg1 Ne3+ 41. Kh2 1/2-1/2

[Event "European Team Championship 2015"]
[Site "Reykjavik ISL"]
[Date "2015.11.15"]
[Round "3"]
[White "Svidler, Peter"]
[Black "Vallejo Pons, Francisco"]
[Result "1/2-1/2"]
[WhiteElo "2745"]
[BlackElo "2684"]
[PlyCount "73"]
[EventDate "2015.11.13"]
[WhiteTeam "Russia"]
[BlackTeam "Spain"]

1. Nf3 d5 2. g3 c5 3. Bg2 Nc6 4. d4 Nf6 5. O-O cxd4 6. Nxd4 e5 7. Nxc6 bxc6 8.
c4 Be6 9. Qa4 Qd7 10. Nc3 Rc8 11. cxd5 cxd5 12. Qxd7+ Kxd7 13. Rd1 Bc5 14. Nxd5
Nxd5 15. Bxd5 Bxd5 16. Rxd5+ Ke6 17. Rd2 Rhd8 18. Kf1 Bb6 19. Rxd8 Rxd8 20. Be3
Bxe3 21. fxe3 Rd2 22. Rb1 Rc2 23. Ke1 g5 24. Kd1 Rc6 25. Rc1 Ra6 26. a3 Rd6+
27. Ke1 a5 28. Rc5 Rb6 29. Rxa5 Rxb2 30. g4 Rb1+ 31. Kf2 Kf6 32. a4 Rh1 33. Kg2
Re1 34. Kf3 Rh1 35. Kg2 Re1 36. Kf3 Rh1 37. Kg2 1/2-1/2

[Event "European Team Championship 2015"]
[Site "Reykjavik ISL"]
[Date "2015.11.15"]
[Round "3"]
[White "Anton Guijarro, David"]
[Black "Tomashevsky, Evgeny"]
[Result "1/2-1/2"]
[WhiteElo "2630"]
[BlackElo "2743"]
[PlyCount "82"]
[EventDate "2015.11.13"]
[WhiteTeam "Spain"]
[BlackTeam "Russia"]

1. Nf3 d5 2. d4 Nf6 3. c4 c6 4. Nc3 a6 5. e3 Bf5 6. Bd3 Bxd3 7. Qxd3 e6 8. O-O
Bb4 9. Bd2 O-O 10. Rfd1 Bxc3 11. Bxc3 Ne4 12. a4 Nd7 13. Nd2 Nxd2 14. Bxd2 Re8
15. Bc3 Qg5 16. b3 Rad8 17. Qe2 Nf6 18. f3 h6 19. Re1 dxc4 20. bxc4 c5 21. Rab1
cxd4 22. exd4 Rd7 23. Rb3 Rc8 24. Reb1 Qf4 25. a5 Rdc7 26. c5 Nd5 27. Qe4 Nxc3
28. Rxc3 Qd2 29. Qe3 Qxe3+ 30. Rxe3 Rd8 31. Rb4 Rd5 32. Kf2 e5 33. Rxe5 Rxe5
34. dxe5 Rxc5 35. f4 Rxa5 36. Rxb7 Ra2+ 37. Kf3 g6 38. Ra7 Ra3+ 39. Ke4 Ra4+
40. Kf3 Ra3+ 41. Ke4 Ra4+ 1/2-1/2

[Event "European Team Championship 2015"]
[Site "Reykjavik ISL"]
[Date "2015.11.15"]
[Round "3"]
[White "Nepomniachtchi, Ian"]
[Black "Salgado Lopez, Ivan"]
[Result "1-0"]
[WhiteElo "2705"]
[BlackElo "2615"]
[PlyCount "113"]
[EventDate "2015.11.13"]
[WhiteTeam "Russia"]
[BlackTeam "Spain"]

1. e4 e6 2. d4 d5 3. Nc3 Nf6 4. Bg5 dxe4 5. Nxe4 Be7 6. Bxf6 Bxf6 7. Nf3 Nd7 8.
Qd2 Be7 9. O-O-O O-O 10. h4 b6 11. Bd3 Bb7 12. Qf4 Nf6 13. Nxf6+ Bxf6 14. Ng5
h6 15. Nh7 Re8 16. Nxf6+ Qxf6 17. Qxf6 gxf6 18. Rh3 Kf8 19. g4 Ke7 20. Be2 Rg8
21. Re3 h5 22. gxh5 Rad8 23. Rg3 f5 24. Rg5 Kf6 25. f4 Rh8 26. c3 Be4 27. Kd2
c5 28. Ke3 Bc2 29. Rd2 cxd4+ 30. Rxd4 Rxd4 31. cxd4 Be4 32. a3 Rc8 33. Rg1 a5
34. Rg3 Rc1 35. Rg5 Rc8 36. Rg1 Rd8 37. Rg3 Rc8 38. Kf2 Bd5 39. Bd1 Rd8 40. Be2
Rc8 41. b4 axb4 42. axb4 Ra8 43. b5 Ra4 44. Rg8 Ra8 45. Rg3 Ra4 46. h6 Ra8 47.
h5 Rh8 48. Ra3 Rxh6 49. Ra6 Rh8 50. Rxb6 Rc8 51. Ra6 Rc3 52. Ra1 Be4 53. Rg1
Rb3 54. Rg3 Rb1 55. Bf1 Rb2+ 56. Kg1 Ra2 57. Rg8 1-0

[Event "European Team Championship 2015"]
[Site "Reykjavik ISL"]
[Date "2015.11.15"]
[Round "3"]
[White "Vazquez Igarza, Renier"]
[Black "Jakovenko, Dmitry"]
[Result "1/2-1/2"]
[WhiteElo "2565"]
[BlackElo "2735"]
[PlyCount "82"]
[EventDate "2015.11.13"]
[WhiteTeam "Spain"]
[BlackTeam "Russia"]

1. d4 Nf6 2. c4 e6 3. Nf3 b6 4. g3 Ba6 5. Qa4 Bb7 6. Bg2 c5 7. dxc5 bxc5 8. O-O
Be7 9. Nc3 O-O 10. Rd1 Qb6 11. Bf4 Rd8 12. Qb5 d6 13. Rd2 Nbd7 14. Qxb6 Nxb6
15. b3 Ne4 16. Nxe4 Bxe4 17. Rad1 d5 18. cxd5 Nxd5 19. Ne5 Bxg2 20. Kxg2 Nc3
21. Rxd8+ Rxd8 22. Rxd8+ Bxd8 23. Nc6 Bb6 24. a4 c4 25. Be5 Ne4 26. bxc4 Bxf2
27. e3 a6 28. Kf3 f5 29. Ke2 Bg1 30. Nb4 Bxh2 31. Nxa6 Bxg3 32. Bxg3 Nxg3+ 33.
Kf3 Ne4 34. Nc7 Nd2+ 35. Kf4 Nxc4 36. Nxe6 Kf7 37. Nd4 Kf6 38. Nxf5 g5+ 39. Ke4
h5 40. Nd4 h4 41. Kf3 g4+ 1/2-1/2

[Event "European Team Championship 2015"]
[Site "Reykjavik ISL"]
[Date "2015.11.15"]
[Round "3"]
[White "Vachier-Lagrave, Maxime"]
[Black "Leko, Peter"]
[Result "1/2-1/2"]
[WhiteElo "2765"]
[BlackElo "2708"]
[PlyCount "52"]
[EventDate "2015.11.13"]
[WhiteTeam "France"]
[BlackTeam "Hungrary"]

1. e4 e5 2. Nf3 Nc6 3. Bb5 Nf6 4. d3 Bc5 5. c3 O-O 6. O-O Re8 7. Nbd2 a6 8.
Bxc6 dxc6 9. Nc4 Bg4 10. Bg5 h6 11. Bh4 Re6 12. h3 Bxf3 13. Qxf3 b5 14. Nxe5
Rxe5 15. d4 Re6 16. dxc5 Qd2 17. Bxf6 Rxf6 18. Qe3 Qxb2 19. Rfb1 Qc2 20. Rd1
Re8 21. f3 Qb2 22. Rdb1 Qc2 23. Rd1 Qb2 24. Rdb1 Qc2 25. Rc1 Qb2 26. Rcb1 Qc2
1/2-1/2

[Event "European Team Championship 2015"]
[Site "Reykjavik ISL"]
[Date "2015.11.15"]
[Round "3"]
[White "Rapport, Richard"]
[Black "Fressinet, Laurent"]
[Result "1-0"]
[WhiteElo "2693"]
[BlackElo "2712"]
[PlyCount "77"]
[EventDate "2015.11.13"]
[WhiteTeam "Hungrary"]
[BlackTeam "France"]

1. f4 d5 2. Nf3 g6 3. c4 c6 4. e3 Bg7 5. Nc3 Nf6 6. d4 O-O 7. Be2 e6 8. O-O
dxc4 9. Bxc4 Nbd7 10. e4 b5 11. Bd3 b4 12. Na4 c5 13. Nxc5 Nxc5 14. dxc5 Bb7
15. e5 Nd5 16. Ng5 Qa5 17. Ne4 Rfc8 18. Kh1 Ba6 19. a3 Bf8 20. Bxa6 Qxa6 21.
Nd6 Rc7 22. Bd2 b3 23. Rc1 Rb8 24. Rf3 Qa4 25. Rc4 Qa6 26. Qc1 Qc6 27. h3 Rd7
28. Qf1 Qa6 29. f5 exf5 30. Rxf5 gxf5 31. Rg4+ fxg4 32. Qxa6 Ne7 33. e6 fxe6
34. Qa4 Rc7 35. Qxg4+ Ng6 36. Qxe6+ Kh8 37. Nf7+ Kg8 38. Nh6+ Kh8 39. Qg8# 1-0

[Event "European Team Championship 2015"]
[Site "Reykjavik ISL"]
[Date "2015.11.15"]
[Round "3"]
[White "Ivanisevic, Ivan"]
[Black "Giri, Anish"]
[Result "1/2-1/2"]
[WhiteElo "2662"]
[BlackElo "2778"]
[PlyCount "95"]
[EventDate "2015.11.13"]
[WhiteTeam "Serbia"]
[BlackTeam "Netherlands"]

1. d4 d5 2. c4 e6 3. g3 Bb4+ 4. Nc3 Nf6 5. Bg2 O-O 6. a3 Be7 7. Nf3 dxc4 8. Qa4
a6 9. Qxc4 b5 10. Qd3 Bb7 11. O-O c5 12. Rd1 Nbd7 13. Bg5 Rc8 14. dxc5 Bxc5 15.
Ne5 Bxg2 16. Nxd7 Qxd7 17. Qxd7 Nxd7 18. Kxg2 Nf6 19. Bxf6 gxf6 20. Ne4 Be7 21.
Rd7 f5 22. Nd6 Bxd6 23. Rxd6 Rc2 24. b4 Rfc8 25. Rad1 Rxe2 26. Rd8+ Rxd8 27.
Rxd8+ Kg7 28. Ra8 e5 29. Rxa6 Ra2 30. Kf3 f6 31. Ke3 Kg6 32. h4 Rb2 33. Ra5
Rb3+ 34. Ke2 Rb2+ 35. Kf1 Ra2 36. Rxb5 Rxa3 37. Rb8 f4 38. gxf4 exf4 39. Rb5 f5
40. Kg2 Rb3 41. Rb7 h6 42. Rb5 Kh5 43. Rxf5+ Kg4 44. Rf6 f3+ 45. Kh2 h5 46.
Rg6+ Kxh4 47. Rg3 Rxb4 48. Rxf3 1/2-1/2

[Event "European Team Championship 2015"]
[Site "Reykjavik ISL"]
[Date "2015.11.15"]
[Round "3"]
[White "Carlsen, Magnus"]
[Black "Aronian, Levon"]
[Result "0-1"]
[WhiteElo "2850"]
[BlackElo "2781"]
[PlyCount "88"]
[EventDate "2015.11.13"]
[WhiteTeam "Norway"]
[BlackTeam "Armenia"]

1. e4 e5 2. Nf3 Nc6 3. Bb5 Nf6 4. d3 Bc5 5. O-O Nd4 6. Nxd4 Bxd4 7. c3 Bb6 8.
Na3 c6 9. Ba4 d6 10. Bb3 a5 11. Nc4 Ba7 12. a4 O-O 13. Bg5 h6 14. Bxf6 Qxf6 15.
Nxa5 d5 16. Bc2 dxe4 17. dxe4 Rd8 18. Qe1 Qg5 19. Kh1 Rd2 20. Bd1 Be6 21. b4
Rad8 22. Nxb7 Bc4 23. Nxd8 Bxf1 24. Qxf1 Rxf2 25. Qg1 Ra2 26. Rxa2 Bxg1 27.
Kxg1 Qc1 28. Kf2 Qxd1 29. Nxc6 Qb3 30. Rd2 Qxc3 31. Rd6 Qb2+ 32. Ke3 Qa3+ 33.
Kf2 Qxa4 34. Nxe5 Qc2+ 35. Kf3 f5 36. Rd3 fxe4+ 37. Kxe4 Qxg2+ 38. Nf3 Qg4+ 39.
Ke3 g5 40. Kf2 Qf5 41. Rd8+ Kg7 42. Kg2 g4 43. Nd2 Qe6 44. Nf1 Qc6+ 0-1

[Event "European Team Championship 2015"]
[Site "Reykjavik ISL"]
[Date "2015.11.15"]
[Round "3"]
[White "Saric, Ivan"]
[Black "Adams, Michael"]
[Result "1/2-1/2"]
[WhiteElo "2652"]
[BlackElo "2744"]
[PlyCount "168"]
[EventDate "2015.11.13"]
[WhiteTeam "Croatia"]
[BlackTeam "England"]

1. e4 e5 2. Nf3 Nc6 3. Bb5 Nf6 4. O-O Nxe4 5. Re1 Nd6 6. Nxe5 Be7 7. Bf1 Nf5 8.
Nf3 d5 9. d4 O-O 10. c3 Bd6 11. Bd3 Re8 12. Rxe8+ Qxe8 13. Qc2 g6 14. Nbd2 Be6
15. Nf1 f6 16. Bd2 Qd7 17. Ne3 Nxe3 18. fxe3 Ne7 19. e4 dxe4 20. Bxe4 c6 21. c4
Re8 22. b3 Bf5 23. Re1 Kf7 24. Rf1 Kg7 25. Re1 Kf7 26. Rf1 Bxe4 27. Qxe4 Nf5
28. Qd3 Bc5 29. Kh1 h5 30. Bc3 Bf8 31. Re1 Rxe1+ 32. Bxe1 b5 33. Bf2 Bc5 34. a4
bxa4 35. bxa4 Bb6 36. Qc3 Qc8 37. Qb3 Qe6 38. d5 cxd5 39. c5 Bd8 40. Qb7+ Ne7
41. Nd4 Qe5 42. Nc6 Qc7 43. Nxd8+ Qxd8 44. c6 d4 45. Qxa7 d3 46. Qd7 Qxd7 47.
cxd7 Nc6 48. Be1 Ke7 49. Kg1 Ne5 50. Bc3 f5 51. Kf2 Nc4 52. Kf3 Kxd7 53. Kf4
Ke6 54. Kf3 Kd7 55. h4 Nb6 56. Ke3 Nxa4 57. Bd4 Kd6 58. Kxd3 Nc5+ 59. Ke3 Ne6
60. Bb2 Kd5 61. Ba1 Kc4 62. Bh8 Kd5 63. Ba1 Kd6 64. Bh8 Ke7 65. Bb2 Kf7 66. Kf3
Nc7 67. Be5 Nd5 68. Bd4 Ke6 69. Ba1 Nb4 70. Bc3 Nd3 71. Ke3 Nc5 72. Bd4 Ne4 73.
Bb6 Nf6 74. Bd4 Nd5+ 75. Kf3 Kf7 76. Bb2 Nc7 77. Be5 Ne6 78. Bb2 g5 79. hxg5
Nxg5+ 80. Kf4 Kg6 81. Ba3 Ne4 82. Be7 Nc3 83. Ke5 Ne2 84. Bh4 Nc3 1/2-1/2

[Event "European Team Championship 2015"]
[Site "Reykjavik ISL"]
[Date "2015.11.15"]
[Round "3"]
[White "Nyback, Tomi"]
[Black "Navara, David"]
[Result "0-1"]
[WhiteElo "2594"]
[BlackElo "2730"]
[PlyCount "82"]
[EventDate "2015.11.13"]
[WhiteTeam "Finland"]
[BlackTeam "Czech Republic"]

1. d4 d5 2. c4 c6 3. Nf3 Nf6 4. e3 Bg4 5. h3 Bh5 6. Nc3 e6 7. g4 Bg6 8. Ne5
Nbd7 9. Nxg6 hxg6 10. g5 Ng8 11. h4 Ne7 12. Bd2 Nf5 13. Qg4 Be7 14. Rh3 dxc4
15. Bxc4 Qc7 16. h5 gxh5 17. Rxh5 O-O-O 18. O-O-O g6 19. Rxh8 Rxh8 20. f4 Bb4
21. Kb1 Bxc3 22. bxc3 c5 23. Bb3 Qc6 24. Qe2 Nb6 25. dxc5 Nd7 26. Qc4 Nxc5 27.
Bc2 b6 28. Bc1 Rh3 29. Qf1 Rh2 30. c4 a5 31. Qg1 Re2 32. Qh1 Qxh1 33. Rxh1 Kd7
34. Rd1+ Kc6 35. Bxf5 exf5 36. Rd8 Ne4 37. Bb2 Nd2+ 38. Kc1 Nxc4 39. Bd4 Rxa2
40. Rf8 b5 41. Rxf7 b4 0-1

[Event "European Team Championship 2015"]
[Site "Reykjavik ISL"]
[Date "2015.11.16"]
[Round "4"]
[White "Ivanchuk, Vassily"]
[Black "Svidler, Peter"]
[Result "0-1"]
[WhiteElo "2720"]
[BlackElo "2745"]
[PlyCount "62"]
[EventDate "2015.11.13"]
[WhiteTeam "Ukraine"]
[BlackTeam "Russia"]

1. e4 e5 2. Nf3 Nc6 3. Bb5 a6 4. Ba4 Nf6 5. O-O Be7 6. Re1 b5 7. Bb3 O-O 8. c3
d5 9. exd5 Nxd5 10. Nxe5 Nxe5 11. Rxe5 c6 12. d3 Bd6 13. Re1 Bf5 14. Qf3 Re8
15. Rxe8+ Qxe8 16. Nd2 Qe1+ 17. Nf1 Bg6 18. g3 b4 19. h4 h5 20. c4 Nf6 21. Bd1
Re8 22. Bd2 Qe5 23. Rc1 Bc5 24. a3 a5 25. axb4 axb4 26. Rc2 Ng4 27. Ne3 Qd6 28.
Nxg4 hxg4 29. Qxg4 Bh5 30. Qxh5 Qxg3+ 31. Kh1 Qxf2 0-1

[Event "European Team Championship 2015"]
[Site "Reykjavik ISL"]
[Date "2015.11.16"]
[Round "4"]
[White "Grischuk, Alexander"]
[Black "Eljanov, Pavel"]
[Result "1/2-1/2"]
[WhiteElo "2750"]
[BlackElo "2753"]
[PlyCount "80"]
[EventDate "2015.11.13"]
[WhiteTeam "Russia"]
[BlackTeam "Ukraine"]

1. e4 e5 2. Nf3 Nc6 3. Bb5 Nf6 4. O-O Nxe4 5. d4 Nd6 6. Bxc6 dxc6 7. dxe5 Nf5
8. Qxd8+ Kxd8 9. h3 Be7 10. Nc3 Nh4 11. Nxh4 Bxh4 12. Ne2 Bf5 13. Nd4 Bd7 14.
f4 Be7 15. f5 Bc5 16. Be3 Re8 17. e6 fxe6 18. Nxe6+ Bxe6 19. Bxc5 Bd5 20. Rad1
b5 21. b3 Kc8 22. Rde1 Kd7 23. Bd4 g6 24. f6 Rxe1 25. Rxe1 Re8 26. Rxe8 Kxe8
27. Bxa7 Kf7 28. a4 bxa4 29. bxa4 Kxf6 30. a5 Ke6 31. Kf2 h5 32. Be3 Kd7 33. a6
Kc8 34. Bc5 Be4 35. c3 Bd3 36. a7 Kb7 37. Kf3 Bf1 38. Kf2 Bd3 39. Kf3 Bf1 40.
Kf2 Bd3 1/2-1/2

[Event "European Team Championship 2015"]
[Site "Reykjavik ISL"]
[Date "2015.11.16"]
[Round "4"]
[White "Kryvoruchko, Yuriy"]
[Black "Tomashevsky, Evgeny"]
[Result "1/2-1/2"]
[WhiteElo "2717"]
[BlackElo "2743"]
[PlyCount "81"]
[EventDate "2015.11.13"]
[WhiteTeam "Ukraine"]
[BlackTeam "Russia"]

1. e4 e5 2. Nf3 Nc6 3. Bb5 a6 4. Ba4 Nf6 5. O-O Be7 6. Re1 b5 7. Bb3 O-O 8. a4
b4 9. d3 d6 10. Nbd2 Na5 11. Ba2 c5 12. Nc4 Nc6 13. h3 h6 14. Ne3 Be6 15. Nd5
Na5 16. c3 bxc3 17. bxc3 Nxd5 18. exd5 Bf5 19. Qe2 Rb8 20. d4 cxd4 21. cxd4 e4
22. Nd2 Re8 23. Nxe4 Bh4 24. Qf3 Bxf2+ 25. Kxf2 Qh4+ 26. g3 Qxh3 27. Rh1 Bxe4
28. Rxh3 Bxf3 29. Kxf3 Re1 30. Bb2 Rxb2 31. Rxe1 Rxa2 32. Rh4 Rxa4 33. Re8+ Kh7
34. Rf4 Nb3 35. Ke3 Ra5 36. Rb8 Ra3 37. Rxf7 Nc5+ 38. Kf4 Ra4 39. Ke3 Ra3+ 40.
Kf4 Ra4 41. Ke3 1/2-1/2

[Event "European Team Championship 2015"]
[Site "Reykjavik ISL"]
[Date "2015.11.16"]
[Round "4"]
[White "Nepomniachtchi, Ian"]
[Black "Areshchenko, Alexander"]
[Result "1-0"]
[WhiteElo "2705"]
[BlackElo "2682"]
[PlyCount "83"]
[EventDate "2015.11.13"]
[WhiteTeam "Russia"]
[BlackTeam "Ukraine"]

1. c4 c5 2. Nf3 Nc6 3. Nc3 g6 4. e3 Nf6 5. d4 cxd4 6. exd4 d5 7. cxd5 Nxd5 8.
Qb3 e6 9. Bb5 Bg7 10. O-O O-O 11. Bxc6 bxc6 12. Na4 Qc7 13. Bd2 Rb8 14. Qa3 f6
15. Rac1 g5 16. Ne1 Nf4 17. Bxf4 Qxf4 18. Nc2 Rf7 19. Qc3 Bf8 20. b3 h5 21. Nc5
h4 22. Nd3 Qd6 23. h3 Ba6 24. Rfe1 Rd8 25. Nc5 Bc8 26. Rcd1 Bg7 27. Qf3 f5 28.
Qh5 g4 29. Rd3 gxh3 30. Rxh3 e5 31. Rxh4 exd4 32. Nd3 Re7 33. Qh7+ Kf8 34. Nf4
Rxe1+ 35. Nxe1 Be6 36. Nf3 Bf7 37. Qxf5 Qf6 38. Qd3 Re8 39. Nh5 Bxh5 40. Rxh5
Qe6 41. Rh4 Qd5 42. Qg6 1-0

[Event "European Team Championship 2015"]
[Site "Reykjavik ISL"]
[Date "2015.11.16"]
[Round "4"]
[White "Mamedyarov, Shakhriyar"]
[Black "Solak, Dragan"]
[Result "1/2-1/2"]
[WhiteElo "2743"]
[BlackElo "2628"]
[PlyCount "60"]
[EventDate "2015.11.13"]
[WhiteTeam "Azerbaijan"]
[BlackTeam "Turkey"]

1. e4 c6 2. d4 d5 3. e5 Bf5 4. h4 h5 5. Bd3 Bxd3 6. Qxd3 e6 7. Bg5 Be7 8. Nf3
Nh6 9. Nc3 Nf5 10. O-O-O Nd7 11. Kb1 Rc8 12. Ne2 c5 13. c3 c4 14. Qd2 b5 15.
Ng3 g6 16. Nxf5 gxf5 17. Bxe7 Qxe7 18. Ng5 Rb8 19. b4 a5 20. a3 Ra8 21. Kb2 Nb8
22. Ra1 Nc6 23. Rhb1 Ra6 24. Ra2 Kd7 25. Rba1 Kc7 26. Kb1 Rha8 27. Kb2 Kb6 28.
Kb1 Kc7 29. Kb2 Kb6 30. Kb1 Kc7 1/2-1/2